<?xml version="1.0" encoding="UTF-8"?>
<record
    xmlns:xsi="http://www.w3.org/2001/XMLSchema-instance"
    xsi:schemaLocation="http://www.loc.gov/MARC21/slim http://www.loc.gov/standards/marcxml/schema/MARC21slim.xsd"
    xmlns="http://www.loc.gov/MARC21/slim">

  <leader>01243nam a22002297a 4500</leader>
  <datafield tag="999" ind1=" " ind2=" ">
    <subfield code="c">168618</subfield>
    <subfield code="d">168618</subfield>
  </datafield>
  <controlfield tag="005">20191018143610.0</controlfield>
  <datafield tag="010" ind1=" " ind2=" ">
    <subfield code="a">B-730561     B-730575</subfield>
  </datafield>
  <datafield tag="020" ind1=" " ind2=" ">
    <subfield code="a">9789353093259</subfield>
    <subfield code="c">35.00</subfield>
  </datafield>
  <datafield tag="035" ind1=" " ind2=" ">
    <subfield code="a">B-730561</subfield>
  </datafield>
  <datafield tag="035" ind1=" " ind2=" ">
    <subfield code="a">B-730575</subfield>
  </datafield>
  <datafield tag="037" ind1=" " ind2=" ">
    <subfield code="b">&#x921;&#x940;.&#x92C;&#x940;.&#x90F;.&#x921;&#x940;./ &#x909;&#x92A;&#x939;&#x93E;&#x930;</subfield>
  </datafield>
  <datafield tag="082" ind1=" " ind2=" ">
    <subfield code="a">&#x915;</subfield>
  </datafield>
  <datafield tag="100" ind1=" " ind2=" ">
    <subfield code="a">&#x927;&#x940;&#x930;, &#x936;&#x948;&#x932;&#x93E;  </subfield>
  </datafield>
  <datafield tag="245" ind1=" " ind2=" ">
    <subfield code="a">&#x917;&#x94B;&#x92C;&#x940; &#x915;&#x93E; &#x938;&#x92C;&#x938;&#x947; &#x92A;&#x94D;&#x92F;&#x93E;&#x930;&#x93E; &#x92E;&#x93F;&#x924;&#x94D;&#x930; /</subfield>
    <subfield code="c">&#x936;&#x948;&#x932;&#x93E; &#x927;&#x940;&#x930; ; &#x905;&#x902;&#x91C;&#x94B;&#x930;&#x93E; &#x928;&#x94C;&#x930;&#x94B;&#x928;&#x94D;&#x939;&#x93E; &#x926;&#x94D;&#x935;&#x93E;&#x930;&#x93E; &#x91A;&#x93F;&#x924;&#x94D;&#x930;&#x93E;&#x902;&#x915;&#x93F;&#x924;;  &#x926;&#x940;&#x92A;&#x93E; &#x924;&#x94D;&#x930;&#x93F;&#x92A;&#x93E;&#x920;&#x940;   &#x926;&#x94D;&#x935;&#x93E;&#x930;&#x93E; &#x939;&#x93F;&#x928;&#x94D;&#x926;&#x940; &#x905;&#x928;&#x941;&#x935;&#x93E;&#x926;</subfield>
  </datafield>
  <datafield tag="260" ind1=" " ind2=" ">
    <subfield code="a">&#x928;&#x908; &#x926;&#x93F;&#x932;&#x94D;&#x932;&#x940;</subfield>
    <subfield code="b">&#x92A;&#x94D;&#x930;&#x925;&#x92E; &#x92C;&#x941;&#x915;&#x94D;&#x938;</subfield>
    <subfield code="c">2018</subfield>
  </datafield>
  <datafield tag="270" ind1=" " ind2=" ">
    <subfield code="a">#621, 2nd floor, 5th Main, OMBR Layout, Banaswadi,</subfield>
    <subfield code="b">Bengaluru</subfield>
    <subfield code="e">560043</subfield>
    <subfield code="k">+91 80 42052574,  91 11 41042483</subfield>
  </datafield>
  <datafield tag="300" ind1=" " ind2=" ">
    <subfield code="a">10&#x92A;&#x943;.</subfield>
    <subfield code="b">&#x938;&#x91A;&#x93F;&#x924;&#x94D;&#x930;</subfield>
    <subfield code="c">14x20 &#x938;&#x947;&#x92E;&#x940; (&#x905;&#x91C;&#x93F;&#x932;&#x94D;&#x926;)</subfield>
  </datafield>
  <datafield tag="700" ind1=" " ind2=" ">
    <subfield code="9">28835</subfield>
    <subfield code="a">&#x928;&#x94C;&#x930;&#x94B;&#x928;&#x94D;&#x939;&#x93E;, &#x905;&#x902;&#x91C;&#x94B;&#x930;&#x93E;  </subfield>
  </datafield>
  <datafield tag="700" ind1=" " ind2=" ">
    <subfield code="9">28836</subfield>
    <subfield code="a">&#x924;&#x94D;&#x930;&#x93F;&#x92A;&#x93E;&#x920;&#x940;, &#x926;&#x940;&#x92A;&#x93E;  </subfield>
  </datafield>
  <datafield tag="942" ind1=" " ind2=" ">
    <subfield code="2">ddc</subfield>
    <subfield code="c">CH</subfield>
    <subfield code="h">&#x915;</subfield>
    <subfield code="m">&#x927;&#x940;&#x930;&#x936;&#x948; </subfield>
  </datafield>
  <datafield tag="952" ind1=" " ind2=" ">
    <subfield code="0">0</subfield>
    <subfield code="1">0</subfield>
    <subfield code="4">0</subfield>
    <subfield code="7">0</subfield>
    <subfield code="8">FIC</subfield>
    <subfield code="a">AV</subfield>
    <subfield code="b">AV</subfield>
    <subfield code="d">2019-10-17</subfield>
    <subfield code="e">&#x909;&#x92A;&#x939;&#x93E;&#x930;/26.09.19</subfield>
    <subfield code="g">35.00</subfield>
    <subfield code="l">2</subfield>
    <subfield code="m">0</subfield>
    <subfield code="o">&#x915; &#x927;&#x940;&#x930;&#x936;&#x948;</subfield>
    <subfield code="p">B-730561</subfield>
    <subfield code="r">2022-10-07 00:00:00</subfield>
    <subfield code="s">2022-10-07</subfield>
    <subfield code="t">1</subfield>
    <subfield code="v">35.00</subfield>
    <subfield code="w">2019-10-17</subfield>
    <subfield code="y">CH</subfield>
    <subfield code="z">&#x909;&#x92A;&#x939;&#x93E;&#x930;</subfield>
  </datafield>
  <datafield tag="952" ind1=" " ind2=" ">
    <subfield code="0">0</subfield>
    <subfield code="1">0</subfield>
    <subfield code="4">0</subfield>
    <subfield code="7">0</subfield>
    <subfield code="8">FIC</subfield>
    <subfield code="a">AV</subfield>
    <subfield code="b">AV</subfield>
    <subfield code="d">2019-10-18</subfield>
    <subfield code="e">&#x909;&#x92A;&#x939;&#x93E;&#x930;/26.09.19</subfield>
    <subfield code="g">35.00</subfield>
    <subfield code="l">1</subfield>
    <subfield code="o">&#x915; &#x927;&#x940;&#x930;&#x936;&#x948;</subfield>
    <subfield code="p">B-730575</subfield>
    <subfield code="r">2020-09-15 00:00:00</subfield>
    <subfield code="s">2020-09-02</subfield>
    <subfield code="t">1</subfield>
    <subfield code="v">35.00</subfield>
    <subfield code="w">2019-10-18</subfield>
    <subfield code="y">CH</subfield>
    <subfield code="z">&#x909;&#x92A;&#x939;&#x93E;&#x930;</subfield>
  </datafield>
</record>
